000 00394nam a22001457a 4500
020 _a9788126523931
082 _222
_a657.21
100 _aKammel, Paul, D...[et al.]
245 _aFinalcial accounting /
250 _a5 th.
260 _aNew Delhi,
_bJohn Wiley and sons,
_cc2010.
300 _axxx,717 p. ;
_bill. ;
_c24 cm.
700 _aWeyganth, Lerry and Kienso, Donald.
942 _2ddc
_cGEN
999 _c2008
_d2008